• 首页
  • 本馆介绍
  • 公告通知
  • 最新文献
  • 馆藏检索
  • 电子资源
  • 读者导购
  • 参考咨询
  • 我的图书馆
  • 登录
  • 详细信息显示
  • 放入我的书架
  • 预约/预借图书
  • 作者相关作品
  • 分类相关作品
  • 丛书相关作品
  • 出版社相关作品

书目信息

  • 表格格式
  • 工作单格式
  • 卡片格式
题名:
轴承凸焊工艺与贮能焊机
    
 
作者: ;北京人民轴承厂 编
分册:  
出版信息: 北京   机械工业出版社  1974
页数: 93页
开本: 20cm
丛书名:
单 册:
中图分类: TG44
科图分类:
主题词: 焊接工艺
电子资源:
ISBN:
000 00654nam0 2200217 450
001 0656953782
005 20060302155543.89
010    @dCNY0.26
091    @a15033.4246
100    @a20060302d1974 km y0chiy0120 ea
101 0  @achi
102    @aCN@b110000
102    @aCN@b110000
200 1  @a轴承凸焊工艺与贮能焊机@Azhou cheng tu han gong yi yu zhu neng han ji@f北京人民轴承厂编@Fbei jing ren min zhou cheng chang bian
210    @a北京@c机械工业出版社@d1974
215 1  @a93页@d20cm
606 0  @a焊接工艺
690    @aTG44@v4
711  0 @a北京人民轴承厂@Abei jing ren min zhou cheng chang@4编
801  0 @aCN@bPFT@c20060302
905    @a10447@dTG44@e5
    
    轴承凸焊工艺与贮能焊机/北京人民轴承厂编.-北京:机械工业出版社,1974
    93页;20cm
    
    
    ISBN :CNY0.26
    
●
相关链接 在E读中查询图书 在五车中查询图书 在当当中查询图书 在豆瓣中查询图书


正题名:轴承凸焊工艺与贮能焊机     索取号:TG44/5         预约/预借

序号 登录号 条形码 馆藏地/架位号 状态 备注
1 0018045   202184215   密集书库/ [索取号:TG44/5] 在馆    
唐山师范学院图书馆 欢迎您!
大连网信软件有限公司© 版权所有